000 01088nam a2200229Ii 4500
003 JO-AjNU
005 20240113114739.0
008 230605s9999||||xx |||||||||||||| ||und||
040 _aJO-AjNU
_bara
_erda
_cJO-AjNU
041 _aara
050 1 4 _aBP492.K89 2011
100 3 _aالكويت، وزارة الأوقاف والشؤون الإسلامية، قطاع الإفتاء والبحوث الشرعية ,
_eauthor
_943619
245 0 0 _aمجموعة الفتاوى الشرعية الصادرة عن قطاع الإفتاء والبحوث الشرعية، وزراة الأوقاف والشؤون الإسلامية، الكويت، الجزء 1
250 _aط3
264 3 1 _aالكويت. وزارة الأوقاف والشؤون الإسلامية، 2011
300 _aج1، 455ص
336 _atext
_btxt
_2rdacontent
337 _aunmediated
_bn
_2rdamedia
338 _avolume
_bnc
_2rdacarrier
650 4 _aالفتاوى الشرعية -- أسئلة وأجوبة -- الفتاوى الشرعية -- فهارس -- الفقه الإسلامي
_943620
942 _2lcc
_cREF
999 _c22333
_d22333